Automatic Life Boat Launching Apparatus for the Better Protection of Lives of Passengers and Seamen : hearings before the United States House Committee on Merchant Marine and Fisheries, Sixty-First Congress, second session, on Apr. 14, 22, 1910.

Considers (61) H.R. 21836.

Bibliographic Details
Corporate Authors: United States. Congress. House. Committee on Merchant Marine and Fisheries, ProQuest (Firm)
Format: Government Document eBook
Language:English
Published: Washington : U.S. G.P.O., 1910.
Series:U.S. Congressional Hearings.
Subjects:
Online Access:Connect to the full text of this electronic book

MARC

Tag First Indicator Second Indicator Subfields
LEADER 00000cam a22000001a 4500
001 in00003184521
006 m d f
007 cr bn mmmapmmp
008 090613s1910 dcu o f000 0 eng d
005 20260511200211.1
035 |a cis2007403649 
040 |a UMI  |c UMI  |d UtOrBLW 
043 |a n-us--- 
086 0 |a Y 4.M 53:L 62/7 
099 |a HRG-1910-MMF-0004 
110 1 |a United States.  |b Congress.  |b House.  |b Committee on Merchant Marine and Fisheries. 
245 1 0 |a Automatic Life Boat Launching Apparatus for the Better Protection of Lives of Passengers and Seamen :  |b hearings before the United States House Committee on Merchant Marine and Fisheries, Sixty-First Congress, second session, on Apr. 14, 22, 1910. 
264 1 |a Washington :  |b U.S. G.P.O.,  |c 1910. 
300 |a 1 online resource. 
336 |a text  |b txt  |2 rdacontent 
337 |a computer  |b c  |2 rdamedia 
338 |a online resource  |b cr  |2 rdacarrier 
500 |a Record is based on bibliographic data in ProQuest Congressional Hearings Digital Collection. Reuse except for individual research requires license from ProQuest, LLC. 
520 |a Considers (61) H.R. 21836. 
538 |a System requirements: PDF reader software. 
500 |a Electronic resource. 
650 0 |a Lifeboats  |x Law and legislation  |z United States. 
655 7 |a Electronic books.  |2 local 
710 2 |a ProQuest (Firm) 
776 0 8 |i Print version:  |a United States. Congress. House. Committee on Merchant Marine and Fisheries.  |t Automatic Life Boat Launching Apparatus for the Better Protection of Lives of Passengers and Seamen 
776 0 8 |i Microfiche version:  |a United States. Congress. House. Committee on Merchant Marine and Fisheries.  |t Automatic Life Boat Launching Apparatus for the Better Protection of Lives of Passengers and Seamen.  |d [Bethesda, Md.] : ProQuest,[2004]  |o CIS Hrgs MF Gp 2--HMe 61-C  |w (ProQuest)cis10104297 
830 0 |a U.S. Congressional Hearings. 
856 4 0 |u http://proxy.library.tamu.edu/login?url=https://congressional.proquest.com/congcomp/getdoc?HEARING-ID=HRG-1910-MMF-0004  |z Connect to the full text of this electronic book  |t 0 
998 |a cis10104297 
999 |a MARS 
999 f f |s 88bb8b5c-6431-395c-a9af-598e08292159  |i 8c1c01fe-f23c-3770-bff3-d6ea95522404  |t 0 
952 f f |a Texas A&M University  |b College Station  |c Electronic Resources  |s www_evans  |d Available Online  |t 0  |e HRG-1910-MMF-0004  |h Other scheme 
998 f f |a HRG-1910-MMF-0004  |t 0  |l Available Online